000 003830000a22001690004500
003 LK-CoMWRAF
008 230817t ||||| |||| 00| 0 eng d
040 _aLK-CoMWRAF
_dLK-CoMWRAF
_eLK-CoMWRAF
041 _aeng
082 _a021
_bRAM
100 _aRamesvaran,S
245 _aNilal
_b
260 _aColombo
_bAuthor
_c1998
300 _ap.66
650 _aliterature
942 _cBK
999 _c2830
_d2830